Vishnu dharmottara mahapuranam: DvitIya khanda bhaga 1 (Record no. 143219)

MARC details
000 -LEADER
fixed length control field 00873nam a2200277Ia 4500
003 - CONTROL NUMBER IDENTIFIER
control field OSt
005 - DATE AND TIME OF LATEST TRANSACTION
control field 20250806095049.0
008 - FIXED-LENGTH DATA ELEMENTS--GENERAL INFORMATION
fixed length control field 210210b1945 xxu||||| |||| 00| 0 eng d
040 ## - CATALOGING SOURCE
Transcribing agency AL
041 ## - LANGUAGE CODE
Language code of text/sound track or separate title Kannada
082 ## - DEWEY DECIMAL CLASSIFICATION NUMBER
Classification number 852/543
100 ## - MAIN ENTRY--PERSONAL NAME
Personal name VENKATARAMANA SHASTRI Tr
Dates associated with a name ವೆಂಕಟರಮಣ ಶಾಸ್ತ್ರಿ tr
9 (RLIN) 234162
245 ## - TITLE STATEMENT
Title Vishnu dharmottara mahapuranam: DvitIya khanda bhaga 1
Remainder of title ವಿಷ್ಣು ಧರ್ಮೋತ್ತರ ಮಹಾಪುರಾಣಂ: ದ್ವಿತೀಯ ಖಂಡ
260 ## - PUBLICATION, DISTRIBUTION, ETC.
Place of publication, distribution, etc. MaisUru
Name of publisher, distributor, etc. -
Date of publication, distribution, etc. 1945
440 ## - SERIES STATEMENT/ADDED ENTRY--TITLE
Title 1
9 (RLIN) 234163
650 ## - SUBJECT ADDED ENTRY--TOPICAL TERM
Topical term or geographic name entry element VishNu
9 (RLIN) 234164
650 ## - SUBJECT ADDED ENTRY--TOPICAL TERM
Topical term or geographic name entry element mahapuraNam:
9 (RLIN) 234165
650 ## - SUBJECT ADDED ENTRY--TOPICAL TERM
Topical term or geographic name entry element khanDa
9 (RLIN) 234166
650 ## - SUBJECT ADDED ENTRY--TOPICAL TERM
Topical term or geographic name entry element DvitIya
9 (RLIN) 234167
650 ## - SUBJECT ADDED ENTRY--TOPICAL TERM
Topical term or geographic name entry element dharmottara
9 (RLIN) 234168
650 ## - SUBJECT ADDED ENTRY--TOPICAL TERM
Topical term or geographic name entry element bhaga
9 (RLIN) 234169
650 ## - SUBJECT ADDED ENTRY--TOPICAL TERM
Topical term or geographic name entry element 1
9 (RLIN) 234170
690 ## - LOCAL SUBJECT ADDED ENTRY--TOPICAL TERM (OCLC, RLIN)
Topical term or geographic name as entry element Kannada Prose
9 (RLIN) 234171
906 ## - LOCAL DATA ELEMENT F, LDF (RLIN)
a 019109
942 ## - ADDED ENTRY ELEMENTS (KOHA)
Source of classification or shelving scheme Dewey Decimal Classification
Koha item type Book
Holdings
Withdrawn status Lost status Source of classification or shelving scheme Damaged status Not for loan Collection code Home library Current library Shelving location Date acquired Cost, normal purchase price Total Checkouts Full call number Barcode Date last seen Price effective from Koha item type
    Dewey Decimal Classification     Kannada St Aloysius Library St Aloysius Library   02/17/2021 0.00   852/543 019109 02/17/2021 02/17/2021 Book